| 000 | 00451nam a2200157Ia 4500 | ||
|---|---|---|---|
| 008 | 230718s9999 xx 000 0 und d | ||
| 041 | _aeng | ||
| 082 |
_a658.5 _bEKA |
||
| 100 | _aEkatpure A.M. | ||
| 245 | _aIndustrial Engineering And Management | ||
| 260 |
_c2009 _bTech-Max Publications |
||
| 300 | _a146 | ||
| 365 |
_cRs. _b175.00 |
||
| 700 |
_aEkatpure A.M. & Salunke N.S. _9190740 |
||
| 906 |
_dO:0047114-Jan-2010B:217327-Jul-2009 _cMECH _b26.25 |
||
| 999 |
_c323568 _d323568 |
||